Kvalita pedagogiky kvality [Elektronický zdroj]

Salvato in:
Dettagli Bibliografici
Ente Autore: Konferencia Piešťany
Natura: Atti del Convegno Libro
Lingua:slovacco
Pubblicazione: Trenčín : Trenčianska univerzita Alexandra Dubčeka v Trenčíne, 2004
Soggetti:
Tags: Aggiungi Tag
Nessun Tag, puoi essere il primo ad aggiungerne!!

MARC

LEADER 00000nam a22000003a 4500
001 stu96886
005 20150408162740.5
008 051102s2004----xo------------------slo-d
020 |a 80-8075-022-X 
040 |a STU  |b slo 
041 0 |a slo 
044 |a xo 
080 |a 658.56 
080 |a 37 
080 |a (063) 
111 2 |a Konferencia  |n (1. :  |d 10.6.-11.6.2004 :  |c Piešťany) 
245 |a Kvalita pedagogiky kvality [Elektronický zdroj] 
260 |a Trenčín :  |b Trenčianska univerzita Alexandra Dubčeka v Trenčíne,  |c 2004 
300 |a 1 CD-ROM 
650 7 |a kvalita  |2 stusub 
650 7 |a pedagogika  |2 stusub 
996 |b 284M063850  |c M*CD-738  |l MMKN  |s A  |a 24  |w stu96886_0001